[Event "Calgary 13th"]
[Site "Calgary"]
[Date "2022.09.22"]
[Round "4"]
[White "Ng, Gary"]
[Black "Morozov, Grigory"]
[Result "1-0"]
[WhiteElo "2241"]
[BlackElo "2363"]
[PlyCount "81"]
[EventDate "2022.09.20"]
[EventType "tourn"]
[EventRounds "9"]
[EventCountry "CAN"]
[SourceTitle "CBM 210 Extra"]
[Source "ChessBase"]
[SourceDate "2022.11.30"]
[SourceVersion "1"]
[SourceVersionDate "2022.11.30"]
[SourceQuality "1"]

1. d4 d5 2. Bf4 Nf6 3. e3 Bg4 4. f3 Bf5 5. c4 c6 6. Nc3 a6 7. g4 Bc8 8. c5 Nfd7 9. b4 e5 10. Bg3 b6 11. Nge2 h5 12. h3 hxg4 13. fxg4 Be7 14. Bg2 e4 15. 0-0 Bg5 16. Nf4 Nf8 17. a4 bxc5 18. bxc5 Ne6 19. a5 Nd7 20. Na4 Nc7 21. Nb6 Ra7 22. Qb3 Nf6 23. Rae1 Nb5 24. Ne2 Be6 25. Nc1 Ng8 26. Re2 Ne7 27. Na2 f5 28. Ref2 g6 29. Nb4 Kf7 30. Be5 Rh7 31. Kh2 Qe8 32. Rh1 Kg8 33. Kg1 fxg4 34. hxg4 Rxh1+ 35. Bxh1 Bxg4 36. Bxe4 Bf5 37. Rh2 Kf7 38. Rh7+ Ke6 39. N4xd5 Bxe4 40. Nc7+ Kf5 41. Qe6# 1-0

[Event "Titled Tuesday intern op 12th May"]
[Site "Chess.com INT"]
[Date "2020.05.12"]
[Round "4"]
[White "Maksimovic, Bojan"]
[Black "Morozov, Grigory"]
[Result "1-0"]
[WhiteElo "2398"]
[BlackElo "2361"]
[PlyCount "101"]
[EventDate "2020.05.12"]
[EventType "swiss (blitz)"]
[EventRounds "10"]
[EventCountry "USA"]
[SourceTitle "CBM 196 Extra"]
[Source "ChessBase"]
[SourceDate "2020.07.31"]
[SourceVersion "1"]
[SourceVersionDate "2020.07.31"]
[SourceQuality "1"]

1. e4 e6 2. d4 d5 3. Nc3 Bb4 4. e5 Qd7 5. Bd2 b6 6. a3 Bf8 7. h4 Ba6 8. Bxa6 Nxa6 9. h5 h6 10. Qe2 Nb8 11. Nf3 a6 12. 0-0 c5 13. Nd1 Nc6 14. c3 Na5 15. Ne3 Nb3 16. Rad1 Ne7 17. Bc1 Qb5 18. c4 dxc4 19. Nxc4 Nf5 20. a4 Qc6 21. Be3 Rd8 22. dxc5 Bxc5 23. Rxd8+ Kxd8 24. Qd3+ Qd5 25. Qxb3 Nxe3 26. fxe3 Kc7 27. Rd1 Qe4 28. Qd3 Qxd3 29. Rxd3 b5 30. axb5 axb5 31. Nd6 Ra8 32. Nxb5+ Kb6 33. Nc3 Ra1+ 34. Kh2 Kc6 35. Ne4 Rb1 36. Rc3 Kb6 37. Nxc5 Kb5 38. Nd4+ Kb6 39. Na4+ Ka5 40. Nc5 Kb6 41. Nd3 Ra1 42. b4 Rb1 43. b5 Ra1 44. Rc6+ Kb7 45. Nc5+ Kb8 46. Rb6+ Kc8 47. Nc6 Kc7 48. Rb7+ Kc8 49. Rxf7 Rb1 50. Nxe6 Rxb5 51. Rc7# 1-0

[Event "Titled Tuesday intern op 28th Apr"]
[Site "Chess.com INT"]
[Date "2020.04.28"]
[Round "7"]
[White "Morozov, Grigory"]
[Black "Mazibuko, Khanya"]
[Result "1-0"]
[WhiteElo "2361"]
[BlackElo "1997"]
[PlyCount "51"]
[EventDate "2020.04.28"]
[EventType "swiss (blitz)"]
[EventRounds "10"]
[EventCountry "USA"]
[SourceTitle "EXT 2021"]
[Source "ChessBase"]
[SourceDate "2020.10.23"]
[SourceVersion "1"]
[SourceVersionDate "2020.10.23"]
[SourceQuality "1"]

1. d4 Nf6 2. c4 e6 3. Nf3 d5 4. Nc3 dxc4 5. e3 a6 6. a4 c5 7. Bxc4 Nc6 8. d5 exd5 9. Nxd5 Nxd5 10. Bxd5 Bd6 11. 0-0 0-0 12. h3 Qc7 13. Qe2 Re8 14. Rd1 Bf5 15. b3 Rad8 16. Bb2 Nb4 17. Bc4 Qe7 18. Rd2 Bb8 19. Rad1 Rxd2 20. Rxd2 Be4 21. Qd1 Qc7 22. Ne5 Rf8 23. Rd7 Qb6 24. Nxf7 h6 25. Ng5+ Kh8 26. Bxg7# 1-0

[Event "British Columbia-ch"]
[Site "Victoria"]
[Date "2017.10.09"]
[Round "7.3"]
[White "Gansvind, Valeriya I"]
[Black "Morozov, Grigory"]
[Result "0-1"]
[WhiteElo "2232"]
[BlackElo "2344"]
[PlyCount "140"]
[EventDate "2017.10.06"]
[EventType "tourn"]
[EventRounds "7"]
[EventCountry "CAN"]
[SourceTitle "EXT 2022"]
[Source "ChessBase"]
[SourceDate "2021.10.06"]
[SourceVersion "1"]
[SourceVersionDate "2021.10.06"]
[SourceQuality "1"]

1. d4 d5 2. Bf4 Nf6 3. e3 e6 4. Bd3 c5 5. c3 Nc6 6. Nf3 Qb6 7. Qc2 h6 8. h3 Bd7 9. Nbd2 Rc8 10. Qb1 cxd4 11. exd4 Na5 12. 0-0 Bb5 13. Ne5 Be7 14. Bxb5+ Qxb5 15. a4 Qb6 16. Qd3 0-0 17. Qb5 Nc4 18. Ndxc4 dxc4 19. Nd7 Nxd7 20. Qxd7 Bf6 21. Qb5 Qc6 22. Rfe1 Rfd8 23. Qh5 Rd5 24. Qe2 Ra5 25. Qc2 Qd7 26. Re3 Rc6 27. Rd1 Rb6 28. Qe2 Qxa4 29. Rd2 Rd5 30. Qg4 h5 31. Qe2 Qc6 32. Be5 Bxe5 33. Rxe5 g6 34. g4 hxg4 35. Qxg4 Ra6 36. Rd1 Qb5 37. Qg5 Qxb2 38. Rxd5 exd5 39. Qxd5 Rf6 40. Rf1 Qxc3 41. Qxb7 Qxh3 42. Qb8+ Kh7 43. Qh2 Qxh2+ 44. Kxh2 Rf4 45. d5 Rd4 46. Rc1 Kg7 47. Kg3 a5 48. Kf3 a4 49. Ke3 Rxd5 50. Rxc4 Ra5 51. Rc2 a3 52. Ra2 Kf6 53. Kf4 Ra4+ 54. Kf3 Ke5 55. Ke3 g5 56. Kd3 Kf4 57. Ke2 g4 58. Kd2 Kf3 59. Ke1 f5 60. Kf1 f4 61. Ke1 g3 62. fxg3 fxg3 63. Kf1 Ke3 64. Kg2 Kd3 65. Kxg3 Kc3 66. Kf3 Kb3 67. Re2 a2 68. Re3+ Kb4 69. Re4+ Kb5 70. Re5+ Kc6 0-1

[Event "British Columbia-ch"]
[Site "Victoria"]
[Date "2017.10.06"]
[Round "1.2"]
[White "Morozov, Grigory"]
[Black "Pechisker, Alfred"]
[Result "1/2-1/2"]
[WhiteElo "2344"]
[BlackElo "2238"]
[PlyCount "80"]
[EventDate "2017.10.06"]
[EventType "tourn"]
[EventRounds "7"]
[EventCountry "CAN"]
[SourceTitle "EXT 2022"]
[Source "ChessBase"]
[SourceDate "2021.10.06"]
[SourceVersion "1"]
[SourceVersionDate "2021.10.06"]
[SourceQuality "1"]

1. d4 d5 2. Nf3 Nf6 3. c4 c6 4. Qc2 e6 5. Nbd2 Be7 6. g3 Nbd7 7. Bg2 0-0 8. 0-0 b5 9. b3 a5 10. e4 a4 11. Rb1 axb3 12. axb3 bxc4 13. bxc4 Ba6 14. Re1 Nxe4 15. Nxe4 dxe4 16. Rxe4 c5 17. dxc5 Nxc5 18. Rd4 Qa5 19. Ng5 Qe1+ 20. Bf1 Bxg5 21. Bxg5 Qe5 22. Rh4 h6 23. Bd2 Bb7 24. Bc3 Be4 25. Bxe5 Bxc2 26. Rb5 Nd3 27. Bxd3 Bxd3 28. Rb3 Rfd8 29. Rg4 g5 30. c5 Rd5 31. Bd6 Ra1+ 32. Kg2 Bf1+ 33. Kf3 Rad1 34. Ra4 h5 35. g4 h4 36. c6 h3 37. c7 Bg2+ 38. Ke2 Bf1+ 39. Kf3 Bg2+ 40. Ke2 Bf1+ 1/2-1/2

[Event "British Columbia op"]
[Site "Richmond"]
[Date "2017.02.12"]
[Round "3.1"]
[White "Pechisker, Alfred"]
[Black "Morozov, Grigory"]
[Result "1-0"]
[WhiteElo "2237"]
[BlackElo "2348"]
[PlyCount "95"]
[EventDate "2017.02.11"]
[EventType "swiss"]
[EventRounds "6"]
[EventCountry "CAN"]
[SourceTitle "EXT 2022"]
[Source "ChessBase"]
[SourceDate "2021.10.06"]
[SourceVersion "1"]
[SourceVersionDate "2021.10.06"]
[SourceQuality "1"]

1. d4 d5 2. c4 e6 3. Nf3 c6 4. Nc3 dxc4 5. a4 Bb4 6. e3 b5 7. Nd2 Qd7 8. axb5 cxb5 9. Qh5 Bxc3 10. bxc3 Nf6 11. Qg5 0-0 12. Ba3 h6 13. Qg3 Rd8 14. Be2 Bb7 15. 0-0 Ne4 16. Nxe4 Bxe4 17. f3 Bc2 18. Rac1 Bg6 19. e4 Nc6 20. Rfd1 Na5 21. d5 Nb3 22. Rb1 exd5 23. Rxd5 Qxd5 24. exd5 Bxb1 25. d6 Bd3 26. Bd1 Bf5 27. Qe5 Bd7 28. Bc2 Re8 29. Qd5 Rab8 30. Kf2 a5 31. f4 Na1 32. Bd1 Be6 33. Qh5 Nb3 34. f5 Bd7 35. f6 Re6 36. fxg7 Rf6+ 37. Bf3 Nd2 38. Qe5 Re6 39. Qd4 Nxf3 40. Qa7 Rbe8 41. gxf3 Bc6 42. Qc7 b4 43. cxb4 axb4 44. Bxb4 Bb5 45. d7 Bxd7 46. Qxd7 Re2+ 47. Kg3 Kxg7 48. Bc3+ 1-0

[Event "British Columbia-Washington m A"]
[Site "Victoria"]
[Date "2017.01.15"]
[Round "4.3"]
[White "Bragg, David R"]
[Black "Morozov, Grigory"]
[Result "0-1"]
[WhiteElo "2280"]
[BlackElo "2354"]
[PlyCount "116"]
[EventDate "2017.01.13"]
[EventType "team"]
[EventRounds "5"]
[EventCountry "CAN"]
[SourceTitle "EXT 2022"]
[Source "ChessBase"]
[SourceDate "2021.10.06"]
[SourceVersion "1"]
[SourceVersionDate "2021.10.06"]
[SourceQuality "1"]
[WhiteTeam "WA A"]
[BlackTeam "BC A"]
[WhiteTeamCountry "CAN"]
[BlackTeamCountry "CAN"]

1. d4 d5 2. Nf3 c6 3. c3 Nf6 4. Bf4 Bf5 5. e3 e6 6. Nbd2 Be7 7. Be2 h6 8. h3 0-0 9. Qb3 Qb6 10. g4 Bh7 11. Ne5 Nfd7 12. Bd3 Nxe5 13. Bxh7+ Kxh7 14. Bxe5 Qxb3 15. axb3 Nd7 16. Bg3 f6 17. Nf3 Rfe8 18. b4 Bf8 19. Kd2 e5 20. h4 g6 21. g5 e4 22. Ng1 fxg5 23. hxg5 h5 24. f4 exf3 25. Nxf3 Re4 26. Bf4 a6 27. Raf1 Bg7 28. Kd3 Rae8 29. Rf2 R4e7 30. Rhf1 Rf7 31. Nd2 Nf8 32. e4 Ne6 33. Be3 Rxf2 34. Rxf2 Rf8 35. Rg2 Rf7 36. b3 Bf8 37. Ke2 Be7 38. c4 Bxb4 39. exd5 cxd5 40. cxd5 Nc7 41. d6 Bxd6 42. Ne4 Be7 43. Rg1 Nd5 44. Bd2 Bf8 45. Rc1 Bg7 46. Kd3 Rf3+ 47. Kc4 Nb6+ 48. Kc5 Rxb3 49. Rf1 Rb5+ 50. Kd6 Nc4+ 51. Kc7 Nxd2 52. Nxd2 Bxd4 53. Rf7+ Kg8 54. Rd7 Be5+ 55. Kc8 Bf4 56. Ne4 Bxg5 57. Nxg5 Rxg5 58. Kxb7 a5 0-1

[Event "British Columbia-ch"]
[Site "Vancouver"]
[Date "2016.10.09"]
[Round "4.4"]
[White "Gentes, Kevin"]
[Black "Morozov, Grigory"]
[Result "1/2-1/2"]
[WhiteElo "2350"]
[BlackElo "2368"]
[PlyCount "77"]
[EventDate "2016.10.07"]
[EventType "tourn"]
[EventRounds "7"]
[EventCountry "CAN"]
[SourceTitle "EXT 2022"]
[Source "ChessBase"]
[SourceDate "2021.10.06"]
[SourceVersion "1"]
[SourceVersionDate "2021.10.06"]
[SourceQuality "1"]

1. Nf3 d5 2. d4 c6 3. c4 e6 4. g3 Nf6 5. Bg2 Nbd7 6. Qb3 Bd6 7. Nc3 0-0 8. Bf4 Qc7 9. Bxd6 Qxd6 10. Rd1 dxc4 11. Qxc4 e5 12. 0-0 exd4 13. Nxd4 Nb6 14. Qb3 Qe5 15. h3 Qh5 16. g4 Qc5 17. Ne4 Qe7 18. Ng3 Nfd5 19. Qf3 Nc4 20. Ngf5 Bxf5 21. Nxf5 Qe5 22. b3 Ncb6 23. e3 Nc3 24. Rd2 Rad8 25. Rc2 Rd7 26. e4 Nb5 27. Qe3 Nd4 28. Nxd4 Qxd4 29. Qxd4 Rxd4 30. f4 f6 31. h4 h6 32. h5 Rfd8 33. Re2 a5 34. e5 Nd5 35. Bxd5+ R4xd5 36. exf6 gxf6 37. Kg2 Kf7 38. Rfe1 R8d7 39. Kf3 1/2-1/2

[Event "British Columbia-ch"]
[Site "Vancouver"]
[Date "2016.10.08"]
[Round "3.2"]
[White "Morozov, Grigory"]
[Black "Doknjas, John"]
[Result "1/2-1/2"]
[WhiteElo "2368"]
[BlackElo "2292"]
[PlyCount "63"]
[EventDate "2016.10.07"]
[EventType "tourn"]
[EventRounds "7"]
[EventCountry "CAN"]
[SourceTitle "EXT 2022"]
[Source "ChessBase"]
[SourceDate "2021.10.06"]
[SourceVersion "1"]
[SourceVersionDate "2021.10.06"]
[SourceQuality "1"]

1. d4 Nf6 2. c4 c5 3. d5 e6 4. Nc3 exd5 5. cxd5 d6 6. e4 g6 7. Nf3 Bg7 8. Be2 0-0 9. 0-0 a6 10. a4 Bg4 11. h3 Bxf3 12. Bxf3 Nbd7 13. Bg5 Re8 14. Re1 Qc7 15. Qc2 c4 16. Be2 Rac8 17. Bf1 Ne5 18. Be3 Nfd7 19. f4 Nd3 20. Bxd3 cxd3 21. Qxd3 Nc5 22. Bxc5 Qxc5+ 23. Kh2 Bxc3 24. bxc3 Qxc3 25. Qxc3 Rxc3 26. Rab1 Rc4 27. Rxb7 Rexe4 28. Rxe4 Rxe4 29. a5 Ra4 30. Rb6 Rxa5 31. Rxd6 Kf8 32. Rd7 1/2-1/2

[Event "Moscow-chT"]
[Site "Moscow"]
[Date "2014.10.12"]
[Round "11.5"]
[White "Elishev, Ivan"]
[Black "Morozov, Grigory"]
[Result "1/2-1/2"]
[WhiteElo "2191"]
[BlackElo "2350"]
[PlyCount "118"]
[EventDate "2014.09.27"]
[EventType "team-tourn"]
[EventRounds "11"]
[EventCountry "RUS"]
[SourceTitle "CBM 162 Extra"]
[Source "ChessBase"]
[SourceDate "2014.10.17"]
[SourceVersion "1"]
[SourceVersionDate "2014.10.17"]
[SourceQuality "1"]
[WhiteTeam "VNII Avtomatiki"]
[BlackTeam "The Chip"]
[WhiteTeamCountry "RUS"]
[BlackTeamCountry "RUS"]

1. e4 e6 2. d4 d5 3. Nc3 Bb4 4. Nge2 Nf6 5. e5 Ne4 6. a3 Nxc3 7. Nxc3 Be7 8. Qg4 Kf8 9. Qh5 Qe8 10. Nb5 Na6 11. g4 h6 12. Be2 Bd7 13. Nc3 c5 14. Be3 f6 15. f4 Qxh5 16. gxh5 cxd4 17. Bxd4 f5 18. Nb5 Nc5 19. Rg1 Bxb5 20. Bxb5 a6 21. Bd3 Nxd3+ 22. cxd3 Kf7 23. Rc1 Rhc8 24. Kd2 Bf8 25. b4 Rc6 26. Rxc6 bxc6 27. Rc1 a5 28. Bc5 axb4 29. Bxf8 Kxf8 30. axb4 Ra6 31. Ke3 Rb6 32. Kd4 Rxb4+ 33. Kc5 Rxf4 34. Kd6 Rd4 35. Kxe6 f4 36. Rxc6 Kg8 37. Rc8+ Kh7 38. Rf8 Rxd3 39. Rxf4 Ra3 40. Kxd5 Ra5+ 41. Ke4 Ra4+ 42. Kf5 Ra2 43. Re4 Rf2+ 44. Ke6 Rxh2 45. Kf7 Rxh5 46. e6 Rf5+ 47. Ke8 Rd5 48. Kf7 Rf5+ 49. Ke8 Rd5 50. e7 Kg8 51. Rf4 g5 52. Rf8+ Kg7 53. Rf7+ Kg8 54. Rf8+ Kg7 55. Rf7+ Kg8 56. Rf8+ Kg7 57. Rf7+ Kg8 58. Rg7+ Kh8 59. Rg8+ Kxg8 1/2-1/2

[Event "Moscow-chT"]
[Site "Moscow"]
[Date "2014.10.04"]
[Round "5.2"]
[White "Golubev, Roman"]
[Black "Morozov, Grigory"]
[Result "0-1"]
[WhiteElo "2324"]
[BlackElo "2350"]
[PlyCount "80"]
[EventDate "2014.09.27"]
[EventType "team-tourn"]
[EventRounds "11"]
[EventCountry "RUS"]
[SourceTitle "CBM 162 Extra"]
[Source "ChessBase"]
[SourceDate "2014.10.17"]
[SourceVersion "1"]
[SourceVersionDate "2014.10.17"]
[SourceQuality "1"]
[WhiteTeam "Academy GMs"]
[BlackTeam "The Chip"]
[WhiteTeamCountry "RUS"]
[BlackTeamCountry "RUS"]

1. e4 e6 2. d4 d5 3. Nc3 Bb4 4. exd5 exd5 5. Bd3 c6 6. Nge2 Ne7 7. Ng3 Bd6 8. Qf3 Ng6 9. 0-0 0-0 10. Qh5 Qb6 11. Nce2 Re8 12. Nf5 Bf8 13. b3 Nd7 14. Bg5 Re6 15. Qf3 h6 16. Be3 Nf6 17. Neg3 Bd7 18. h4 Rae8 19. h5 Ne7 20. Nh4 Nc8 21. c4 Ne4 22. Nhf5 Qd8 23. Qg4 Kh8 24. Bxe4 dxe4 25. d5 cxd5 26. Bd4 f6 27. Bc5 Ne7 28. Nxe7 R6xe7 29. Bxe7 Qxe7 30. Qf4 dxc4 31. bxc4 Bc6 32. Rfe1 Qe6 33. Rac1 Bd6 34. Qe3 b6 35. Kh1 Qe5 36. Qc3 Qg5 37. Rcd1 Bc5 38. Re2 f5 39. Rde1 Qf4 40. Qd2 Qh4+ 0-1

[Event "Moscow-chT GpA"]
[Site "Moscow"]
[Date "2013.10.01"]
[Round "7.2"]
[White "Kukhmazov, Arsen"]
[Black "Morozov, Grigory"]
[Result "0-1"]
[WhiteElo "2206"]
[BlackElo "2341"]
[PlyCount "162"]
[EventDate "2013.09.21"]
[EventType "team-swiss"]
[EventRounds "7"]
[EventCountry "RUS"]
[SourceTitle "CBM 156 Extra"]
[Source "ChessBase"]
[SourceDate "2013.10.22"]
[SourceVersion "1"]
[SourceVersionDate "2013.10.22"]
[SourceQuality "1"]
[WhiteTeam "Gureev Team"]
[BlackTeam "Check"]
[WhiteTeamCountry "RUS"]
[BlackTeamCountry "RUS"]

1. d4 d5 2. c4 e6 3. Nc3 c6 4. e3 Bd6 5. Nf3 f5 6. Bd3 Nf6 7. 0-0 0-0 8. b3 Ne4 9. Bb2 Nd7 10. Qc2 Qf6 11. a4 Re8 12. Ne2 g5 13. Ne1 Qh6 14. Nf3 Qg7 15. Ne1 Ndf6 16. Nf3 Ng4 17. h3 Ngf6 18. Ne5 g4 19. h4 g3 20. Nxg3 Nxg3 21. fxg3 Ng4 22. Qe2 Bd7 23. Qf3 Kh8 24. Qf4 Nxe5 25. dxe5 Be7 26. Kh2 Rg8 27. cxd5 cxd5 28. Bd4 a6 29. Rac1 Bc6 30. Rc2 Qg6 31. Be2 Bf8 32. g4 Be7 33. h5 Qg7 34. g3 Raf8 35. Bd3 fxg4 36. h6 Qg5 37. Qxg5 Bxg5 38. Rcf2 Bxh6 39. Rf6 Bg7 40. Rxe6 Rxf1 41. Bxf1 Re8 42. Rxe8+ Bxe8 43. Bd3 Bd7 44. e4 Bc6 45. exd5 Bxd5 46. Bc4 Bxc4 47. bxc4 Kg8 48. Kg2 Kf8 49. Kf2 Ke7 50. Ke3 Bh6+ 51. Ke4 Ke6 52. Bc5 Bg5 53. Bd4 h5 54. Bf2 Bd2 55. Bd4 Bc1 56. Bc3 Bh6 57. Bd4 Bd2 58. Bb6 Bc3 59. Bc7 Be1 60. Kf4 Bd2+ 61. Ke4 Bg5 62. Bb6 h4 63. gxh4 Bxh4 64. Bd4 Bg3 65. Bc3 Bh2 66. Bd4 g3 67. Kf3 g2 68. Kxg2 Bxe5 69. Be3 Bc3 70. Kf3 Ke5 71. Bb6 Kd6 72. Ke4 Kc6 73. Be3 Bb4 74. Bd4 Bc5 75. Bf6 Bf2 76. Be7 Be1 77. Kd4 Bg3 78. Ke4 Kb6 79. Bb4 Kc6 80. Ba3 Be1 81. Kd4 Kb6 0-1

[Event "Moscow Philidor Memorial"]
[Site "Moscow"]
[Date "2013.08.22"]
[Round "6"]
[White "Morozov, Grigory"]
[Black "Arustamian, Artur"]
[Result "1/2-1/2"]
[WhiteElo "2341"]
[BlackElo "2386"]
[PlyCount "103"]
[EventDate "2013.08.13"]
[EventType "tourn"]
[EventRounds "9"]
[EventCountry "RUS"]
[EventCategory "2"]
[SourceTitle "CBM 156 Extra"]
[Source "ChessBase"]
[SourceDate "2013.10.22"]
[SourceVersion "1"]
[SourceVersionDate "2013.10.22"]
[SourceQuality "1"]

1. d4 d5 2. c4 dxc4 3. Nf3 Nf6 4. e3 a6 5. Bxc4 e6 6. 0-0 c5 7. dxc5 Qxd1 8. Rxd1 Bxc5 9. a3 0-0 10. b4 Be7 11. Bb2 b6 12. Ne5 Bb7 13. Be2 Rd8 14. Nd2 Nbd7 15. Ndc4 Bd5 16. f3 Rac8 17. Rac1 Kf8 18. Kf2 Nxe5 19. Nxe5 b5 20. Bd4 Bb7 21. Nd3 Nd7 22. e4 Rxc1 23. Nxc1 e5 24. Be3 Ke8 25. Nb3 Nb8 26. Rc1 Rc8 27. Nc5 Bxc5 28. bxc5 Nc6 29. Rb1 Rc7 30. Ra1 Ke7 31. a4 b4 32. a5 Bc8 33. Rb1 Be6 34. Bxa6 b3 35. Bd2 Nxa5 36. Bxa5 Ra7 37. Ra1 b2 38. Rb1 Rxa6 39. Bc3 f6 40. Ke3 Ra3 41. Kd2 Ra1 42. Rxb2 Ra2 43. Rxa2 Bxa2 44. Bb4 Kd7 45. c6+ Kxc6 46. Bf8 g6 47. Bg7 f5 48. exf5 gxf5 49. Bxe5 Kd5 50. Bc7 Ke6 51. Ke3 Kf6 52. Kf4 1/2-1/2